Größte Städte Nordamerikas - Statistiken

Allgemein
  • Dieses Quiz wurde 220 mal gespielt
    200 seit der letzten Aktualisierung
  • Das Durchschnittsergebnis liegt bei 25 aus 40
Antwortstatistiken
Platz Stadt Einwohnerzahl Land % Korrekt
2. New York City 8,55 Mio. Vereinigte Staaten
99%
1. Mexiko-City 8,56 Mio. Mexiko
98%
3. Los Angeles 3,97 Mio. Vereinigte Staaten
96%
5. Chicago 2,72 Mio. Vereinigte Staaten
89%
4. Toronto 2,73 Mio. Kanada
88%
21. Ottawa 0,93 Mio. Kanada
86%
25. San Francisco 0,86 Mio. Vereinite Staaten
84%
8. Havanna 2,12 Mio. Kuba
81%
16. Dallas 1,3 Mio. Vereinigte Staaten
79%
33. Washington D.C. 0,67 Mio. Vereinigte Staaten
79%
33. Boston 0,67 Mio. Vereinigte Staaten
78%
35. Vancouver 0,63 Mio. Kanada
77%
7. Houston 2,3 Mio. Vereinigte Staaten
76%
30. Seattle 0,68 Mio. Vereinigte Staaten
75%
11. Philadelphia 1,57 Mio. Vereinigte Staaten
73%
9. Montreal 1,7 Mio. Kanada
72%
37. Las Vegas 0,62 Mio. Vereinigte Staaten
70%
15. San Diego 1,39 Mio. Vereinigte Staaten
70%
30. Denver 0,68 Mio. Vereinigte Staaten
67%
30. Detroit 0,68 Mio. Vereinigte Staaten
65%
12. Phoenix 1,56 Mio. Vereinigte Staaten
64%
20. Guatemala-Stadt 1,01 Mio. Guatemala
60%
6. Santo Domingo 2,58 Mio. Dominikanische Republik
60%
21. Austin 0,93 Mio. Vereinigte Staaten
57%
24. Port-au-Prince 0,88 Mio. Haiti
53%
21. Edmonton 0,93 Mio. Kanada
52%
17. Calgary 1,24 Mio. Kanada
51%
35. Portland 0,63 Mio. Vereinigte Staaten
51%
13. San Antonio 1,47 Mio. Vereinigte Staaten
51%
10. Guadalajara 1,6 Mio. Mexiko
50%
19. Managua 1,03 Mio. Nicaragua
46%
39. Sacramento 0,49 Mio. Vereinigte Staaten
42%
40. Kansas City 0,48 Mio. Vereinigte Staaten
39%
18. Monterrey 1,14 Mio. Mexiko
38%
29. Winnipeg 0,71 Mio. Kanada
35%
37. Baltimore 0,62 Mio. Vereinigte Staaten
33%
27. Charlotte 0,83 Mio. Vereinigte Staaten
33%
26. Columbus 0,85 Mio. Vereinigte Staaten
31%
14. Puebla 1,43 Mio. Mexiko
10%
28. Mississauga 0,72 Mio. Kanada
9%
Keine übereinstimmenden Quizze gefunden
Verteilung der Resultate
Anzahl Personen mit jedem Resultat
Perzentil nach korrekt beantworteten Fragen
Ihre Resultats-Entwicklung
Sie haben dieses Quiz seit der letzten Aktualisierung nicht gespielt